El canto de la ballena / (Registro nro. 31070)
[ vista simple ]
| 000 -LEADER | |
|---|---|
| fixed length control field | 00869nam a22002537a 4500 |
| 003 - CONTROL NUMBER IDENTIFIER | |
| control field | OSt |
| 005 - DATE AND TIME OF LATEST TRANSACTION | |
| control field | 20250815161646.0 |
| 008 - FIXED-LENGTH DATA ELEMENTS--GENERAL INFORMATION | |
| fixed length control field | 001004s1999 ck jr 00011 spa d |
| 020 ## - INTERNATIONAL STANDARD BOOK NUMBER | |
| International Standard Book Number | 9580453098 |
| 037 ## - SOURCE OF ACQUISITION | |
| Source of stock number/acquisition | Donación |
| 040 ## - CATALOGING SOURCE | |
| Original cataloging agency | CO-JMCR |
| Transcribing agency | CO-JMCR |
| Language of cataloging | spa |
| Modifying agency | CO-JMCR |
| Description conventions | rda |
| 041 1# - LANGUAGE CODE | |
| Language code of text/sound track or separate title | spa |
| Language code of original | eng |
| 082 04 - DEWEY DECIMAL CLASSIFICATION NUMBER | |
| Classification number | A-N |
| Item number | KATc |
| Edition number | 23 |
| 100 1# - MAIN ENTRY--PERSONAL NAME | |
| Personal name | Wilton Katz, Welwyn, |
| Dates associated with a name | [1948] |
| Relator term | autor. |
| 9 (RLIN) | 44300 |
| 245 13 - TITLE STATEMENT | |
| Title | El canto de la ballena / |
| Statement of responsibility, etc. | Welwyn Wilton Katz ; traducción de Juan Manuel Pombo. |
| 264 ## - PRODUCTION, PUBLICATION, DISTRIBUTION, MANUFACTURE, AND COPYRIGHT NOTICE | |
| Place of production, publication, distribution, manufacture | Bogotá : |
| Name of producer, publisher, distributor, manufacturer | Norma, |
| Date of production, publication, distribution, manufacture, or copyright notice | 1999. |
| 300 ## - PHYSICAL DESCRIPTION | |
| Extent | 310 páginas ; |
| Dimensions | 21 cm. |
| 534 ## - ORIGINAL VERSION NOTE | |
| Introductory phrase | Título original. |
| Title statement of original | Whalesinger. |
| 650 24 - SUBJECT ADDED ENTRY--TOPICAL TERM | |
| Topical term or geographic name entry element | Novela juvenil canadiense. |
| Source of heading or term | JMCR |
| 9 (RLIN) | 44301 |
| 650 24 - SUBJECT ADDED ENTRY--TOPICAL TERM | |
| Topical term or geographic name entry element | Ballenas |
| Form subdivision | Novela juvenil. |
| Source of heading or term | JMCR |
| 9 (RLIN) | 44302 |
| 650 24 - SUBJECT ADDED ENTRY--TOPICAL TERM | |
| Source of heading or term | JMCR |
| Topical term or geographic name entry element | Pesca de ballenas |
| Form subdivision | Novela juvenil. |
| 9 (RLIN) | 44303 |
| 700 1# - ADDED ENTRY--PERSONAL NAME | |
| Personal name | Pombo Abondano, Juan Manuel, |
| Relator term | traductor. |
| 9 (RLIN) | 3418 |
| 942 ## - ADDED ENTRY ELEMENTS (KOHA) | |
| Source of classification or shelving scheme | Dewey Decimal Classification |
| Koha item type | Books |
| Withdrawn status | Lost status | Source of classification or shelving scheme | Damaged status | Not for loan | Collection code | Home library | Current library | Shelving location | Date acquired | Source of acquisition | Total Checkouts | Full call number | Barcode | Date last seen | Copy number | Price effective from | Koha item type |
|---|---|---|---|---|---|---|---|---|---|---|---|---|---|---|---|---|---|
| Dewey Decimal Classification | Non-fiction | Biblioteca Pública José María del Castillo y Rada | Biblioteca Pública José María del Castillo y Rada | Book Cart | 08/15/2025 | Donación | A-N KATc | 201812207 | 08/15/2025 | Ej.1 | 08/15/2025 | Books |